banner-ar

POWERFUL PRESENTATION SKILIS / (Record no. 20448)

MARC details
000 -الفاتح
حقل البيانات ثابتة الطول 00535nam a2200193Ia 4500
008 - عناصر البيانات ثابتة الطول - معلومات عامة
حقل البيانات ثابتة الطول 140319s9999 xx 000 0 eng d
040 ## - مصدر الفهرسة
وكالة الفهرسة الأصلية GCL /
وكالة النسخ GCL
082 04 - رقم تصنيف ديوى العشرى
رقم التصنيف 658.452
رقم المادة B P
100 1# - المدخل الرئيسى - إسم شخصى
الإسم الشخصى BECKER, DENNIS
245 10 - بيان العنوان
العنوان POWERFUL PRESENTATION SKILIS /
بيان المسئوليه,etc BECKER, DENNIS
700 1# - المدخل الاضافى - اسم شخصى
الإسم الشخصى BECKER, PAULA BORKUM
260 ## - PUBLICATION, DISTRIBUTION, ETC. (IMPRINT)
تاريخ النشر أو التوزيع 1994
300 ## - الوصف المادى
التعداد 76 P
490 ## - بيان السلسلة
عنوان السلسلة THE BUSINESS SKILLS EXPRESS SERIES
رقم المجلد/ التعيين التسلسلي 0
650 04 - المدخل الاضافى بالموضوع-مصطلح موضوعى
مصطلح موضوعي BUSINESS
650 04 - المدخل الاضافى بالموضوع-مصطلح موضوعى
مصطلح موضوعي PRESENTATIONS
942 ## - عناصر المدخل الإضافي( كوها)
مصدر التصنيف او مخطط الترفيف Dewey Decimal Classification
Koha [default] item type كتاب
260 ## - PUBLICATION, DISTRIBUTION, ETC. (IMPRINT)
-- [S.N] :
-- BUSINESS ONE IRWIN\MIRROR PRESS ،
Holdings
حالة التراجع حالة الفقد حالة تلف ليس للاعارة المكان المؤقت الموقع الحالى تاريخ الاكتساب اجمالي اﻻعارات رقم الطلب الباركود تاريخ اخر مشاهدة تاريخ تفعيل السعر نوع وعاء كوها
        مكتبة القاهرة الكبرى مكتبة القاهرة الكبرى 03/26/2014   658.452\B P 38353 03/26/2014 03/26/2014 كتاب

Powered By

EGPV